| 000 | 01959nam0a2200349 4500 | ||
|---|---|---|---|
| 001 | RU\NLR\bibl\1332304 | ||
| 005 | 20260512142143.0 | ||
| 010 |
_a978-5-94777-174-9 _9350 |
||
| 021 |
_aRU _b2008-105083 _96199 |
||
| 035 | _a(NLR Aleph) 001317525 | ||
| 090 |
_a718689 _c718689 |
||
| 100 | _a20090225d2008 k y0rusy50 ca | ||
| 101 | 0 | _arus | |
| 102 | _aRU | ||
| 105 | _aa ||||||||| | ||
| 200 | 1 |
_aГуманитарные технологии педагогической диагностики в междисциплинарном контексте _eнаучно-методическое пособие _eдля руководителей и научно-педагогических работников высших учебных заведений _fИ.Ю. Гутник _gпод ред. А.П. Тряпицыной _gРос. гос. пед. ун-т им. А.И. Герцена |
|
| 210 |
_aСанкт-Петербург _cКнижный Дом _d2008 |
||
| 215 |
_a246, [1] с., [1] л. портр. _cил. _d21 |
||
| 225 | 1 | _aИнновационная образовательная программа | |
| 225 | 1 |
_aНаучно-методические материалы "Междисциплинарные исследования и гуманитарные технологии" _v52 |
|
| 300 | _aВ конце кн. в подписи к портр. авт.: Гутник И.Ю., к.п.н., доц. | ||
| 320 | _aБиблиогр. в подстроч. прим. и в тексте | ||
| 606 | 1 |
_aПедагогическая диагностика _jМетодические пособия _91834611 _3RU\NLR\auth\66829888 |
|
| 686 | _aЧ30в6я8 | ||
| 700 | 1 |
_4070 _7ca _8rus _aГутник _bИ. Ю. _gИрина Юрьевна _92708551 _3RU\NLR\AUTH\770293456 |
|
| 801 | 0 |
_aRU _bNLR _c20090225 _gRCR |
|
| 801 | 1 |
_aRU _bNLR _c20090225 |
|
| 830 | _aАвт. по кн. | ||
| 942 | _cBOOK | ||
| 980 | _aNB | ||